Legia Warszawa Prawda czy Fałsz - Statystyki

Ogólne statystyki
  • Ten quiz został rozwiązany 481 razy
  • Średni wynik to 9 z 15
Statystyki odpowiedzi
Zagadnienie Odpowiedź % Poprawnych
Legia rozgrywa mecze domowe na PGE Narodowym Fałsz
95%
Legia ma zgodę z Radomiakiem Radom Prawda
92%
Prezesem jak i właścicielem jest Dariusz Mioduski Prawda
88%
Legia jest jedynym Polskim klubem który w XXI wieku zagrał w fazie grupowej ligi mistrzów Prawda
79%
Najlepszym strzelcem w historii jest Lucjan Brychczy Prawda
77%
Aleksander Vuković zanim został trenerem Legii był jej piłkarzem Prawda
77%
Legię Warszawa założono po I wojnie światowej Fałsz
72%
Największe zwycięstwo ligowe Legia odniosła z Wisłą Kraków Prawda
69%
Radosław Majecki to najdrożej sprzedany zawodnik wojskowych Fałsz
62%
Legia ma tyle Mistrzostw Polski ile Real Madryt Lig Mistrzów Prawda
59%
Legia Na podium stawała mniej niż 40 razy Fałsz
57%
Odjija-Ofoe, Radović(2) zdobywali bramki W Pamiętnym meczu Legii z Realem 3:3 Fałsz
55%
Robert Lewandowski jest wychowankiem Legii Warszawa Prawda
38%
Kapitanem Legii jest Josue Fałsz
13%
Legia Warszawa ma więcej pucharów niż Lech Poznań Fałsz
2%
Nie znaleziono quizów pasujących do podanych kryteriów
Rozkład punktacji
Procent ludzi z każdym wynikiem
Percentyl według liczby udzielonych odpowiedzi
Twoja historia wyników
Nie rozwiązałeś tego quizu